Maine Trivia - Statistics

General Stats
  • This quiz has been taken 820 times
  • The average score is 12 of 26
Answer Stats
Hint Answer % Correct
What is Maine's state capitol? Augusta
98%
Approximately 90% of the nation's supply is caught off Maine's coast. lobster
93%
What is the only state that borders Maine? New Hampshire
73%
What is the state animal? moose
70%
Maine produces and exports the lowbush variety of this fruit. blueberries
69%
Now known worlwide for their quality apparel and outdoor gear, this company was founded in 1912 in Freeport, Maine. L.L.Bean
69%
Which National Park covers much of Mount Desert Island? Acadia National Park
68%
Name the famous author that sets many of his stories in his home state of Maine. Stephen King
65%
Name the only interstate highway in Maine, not counting 3-digit extensions. I-95
58%
What is the state bird? chickadee
57%
Baxter State Park is known for this Mountain, which is the Northern end of the Appalachian Trail. Mount Katahdin
50%
Known by Mainers as simply "The County" it is the state's largest and most northern county. Aroostook
46%
This Maine comedian shares a name with a well known musical artist (now deceased). Bob Marley
43%
A section of Portland, Maine known for it's restaraunts, bars and nightlife. The Old Port
43%
What is the official state treat of Maine? Whoopie Pie
41%
Name the Animal Planet reality series that follows Maine game wardens on the job. North Woods Law
40%
15 year old Chester Greenwood invented what type of winter wear in 1873? earmuffs
37%
Near Freeport, Maine there is an unusual geological attraction, what is it? The Desert of Maine
34%
Name the shipyard founded in 1884 and located on the Kennebec River that has supplied many ships to the U.S. Navy. Bath Iron Works
32%
This truck stop restaurant is a favorite late night destination after the bars close in Bangor, Maine. Dysart's
26%
Located on the west bank of the Penobscot River in Prospect, Maine this historic attraction is sometimes confused for a more famous place that shares it's name. Fort Knox
23%
This Maine restaurant chain is known for it's slogan "Eat Dessert First"? Governor's
23%
What type of racing takes place at Scarborough Downs and Bangor Raceway? harness racing
15%
Maine Distilleries LLC creates which two types of spirits under the brand name Cold River using Maine grown potatoes? vodka and gin
15%
What Bangor, Maine business has "the sharpest pencil in town"? Webb's RV Center
7%
The inventor of the first portable fully automatic machine gun was born in Sangerville, Maine. What was his name? Hiram Maxim
6%
No matching quizzes found
Score Distribution
Percent of People with Each Score
Percentile by Number Answered
Your Score History
You have not taken this quiz